[Event "Bad Woerishofen op"]
[Site "?"]
[Date "2000.??.??"]
[Round "3"]
[White "Neubauer, Ralf"]
[Black "Schweitzer, Paul"]
[Result "1-0"]
[WhiteElo "2045"]
[BlackElo "1690"]
[PlyCount "91"]
[EventDate "2000.??.??"]

1. d4 c6 2. c4 Nf6 3. Nc3 h5 4. e4 d6 5. Bd3 e5 6. Nge2 Nbd7 7. O-O h4 8. Bg5
a6 9. a4 Qa5 10. Kh1 h3 11. g3 exd4 12. Bxf6 gxf6 13. Nxd4 Ne5 14. f4 Ng4 15.
Qe2 Qh5 16. b4 Bd7 17. b5 axb5 18. axb5 Rxa1 19. Rxa1 Be7 20. Nf5 Bxf5 21. exf5
Kd7 22. bxc6+ Kxc6 23. Qe4+ Kd7 24. Qxb7+ Ke8 25. Ra8+ Bd8 26. Qc6+ Kf8 27.
Rxd8+ Kg7 28. Rxh8 Qxh8 29. Be2 Nh6 30. g4 Ng8 31. Qf3 Ne7 32. Bf1 Qc8 33. Qxh3
Qa6 34. Qd3 Qa1 35. h3 Nc6 36. Nd5 Nd4 37. Nc3 Qc1 38. Qxd4 Qxf1+ 39. Kh2 Qf3
40. g5 Kh7 41. gxf6 Kh6 42. Qd2 Qf1 43. Nd5 Qb1 44. Qg2 Qxf5 45. Qg7+ Kh5 46.
Qh8+ 1-0

[Event "Bad Woerishofen op"]
[Site "?"]
[Date "2000.??.??"]
[Round "6"]
[White "Neubauer, Ralf"]
[Black "Blessing, Tobias"]
[Result "1-0"]
[WhiteElo "2045"]
[BlackElo "1740"]
[PlyCount "63"]
[EventDate "2000.??.??"]

1. d4 d6 2. Nf3 g6 3. g3 Bg7 4. Bg2 Nf6 5. c4 O-O 6. Nc3 Nbd7 7. e4 e5 8. O-O
h6 9. h3 Re8 10. Re1 c6 11. Be3 Qc7 12. Qd2 Kh7 13. Rad1 Nf8 14. dxe5 dxe5 15.
Bc5 N6d7 16. Bd6 Qd8 17. c5 Ne6 18. b4 f6 19. h4 h5 20. Bh3 Bh6 21. Qc2 Kg7 22.
Rd3 b5 23. Red1 a6 24. Bxe5 fxe5 25. Nxe5 Ra7 26. Nxc6 Qc7 27. Nxa7 Qxa7 28.
Nd5 Kf8 29. Rf3+ Kg8 30. c6 Ne5 31. Nf6+ Kf8 32. Nd7+ 1-0

[Event "Bad Woerishofen op"]
[Site "Bad Woerishofen"]
[Date "2000.??.??"]
[Round "1"]
[White "Neumann, Peter"]
[Black "Eisenbeis, Norman"]
[Result "1/2-1/2"]
[WhiteElo "1748"]
[BlackElo "2179"]
[PlyCount "35"]
[EventDate "1998.03.05"]
[Source "ChessBase"]
[SourceDate "1998.04.29"]

1. e4 c5 2. Nf3 Nc6 3. d4 cxd4 4. Nxd4 Nf6 5. Nc3 d6 6. Be3 e6 7. f4 Be7 8. Be2
O-O 9. O-O e5 10. Nxc6 bxc6 11. Qe1 exf4 12. Bxf4 Be6 13. Qg3 Ne8 14. Kh1 Rb8
15. b3 Bh4 16. Qd3 Bf6 17. Qg3 Bh4 18. Qd3 1/2-1/2

[Event "Bad Woerishofen op"]
[Site "?"]
[Date "2000.??.??"]
[Round "3"]
[White "Neumann, Peter"]
[Black "Reichenbacher, Gerhard"]
[Result "1-0"]
[WhiteElo "1748"]
[BlackElo "2054"]
[PlyCount "49"]
[EventDate "2000.??.??"]

1. e4 c5 2. Nf3 Nc6 3. d4 cxd4 4. Nxd4 Nf6 5. Nc3 d6 6. Be3 Ng4 7. Bg5 Qa5 8.
f4 Ne3 9. Qd2 Nxd4 10. Bd3 Nexc2+ 11. Bxc2 Nxc2+ 12. Qxc2 Bd7 13. O-O Rc8 14.
Kh1 g6 15. Qd3 Bc6 16. Rac1 Bg7 17. Nd5 f6 18. Bh4 Kd7 19. Qh3+ f5 20. Nxe7
Rce8 21. exf5 Kc7 22. f6 Bf8 23. Nxc6 bxc6 24. f7 Re4 25. Bf6 1-0

[Event "Bad Woerishofen op"]
[Site "?"]
[Date "2000.??.??"]
[Round "5"]
[White "Neumann, Peter"]
[Black "Mittelsteiner, Horst"]
[Result "1-0"]
[WhiteElo "1748"]
[BlackElo "2022"]
[PlyCount "35"]
[EventDate "2000.??.??"]

1. e4 d5 2. exd5 Nf6 3. c4 e6 4. dxe6 Bxe6 5. Nf3 Qe7 6. Be2 Nc6 7. O-O O-O-O
8. d4 Bf5 9. Re1 Qd7 10. d5 Nb4 11. Nd4 Bxb1 12. Rxb1 Bc5 13. a3 Na6 14. b4 Bd6
15. c5 Be5 16. Bxa6 Bxd4 17. Bxb7+ Kxb7 18. c6+ 1-0

[Event "Bad Woerishofen op"]
[Site "?"]
[Date "2000.??.??"]
[Round "7"]
[White "Neumann, Peter"]
[Black "Mantzouneas, Nikolaos"]
[Result "0-1"]
[WhiteElo "1748"]
[BlackElo "2057"]
[PlyCount "64"]
[EventDate "2000.??.??"]

1. e4 c5 2. Nf3 d6 3. d4 cxd4 4. Nxd4 Nf6 5. Nc3 a6 6. Be2 e6 7. Be3 Be7 8. O-O
b5 9. a3 Bb7 10. Qd3 O-O 11. f4 Nbd7 12. Nb3 Qc7 13. Rad1 Rfd8 14. Kh1 Nc5 15.
Bxc5 dxc5 16. Qe3 b4 17. e5 bxc3 18. exf6 Bxf6 19. bxc3 c4 20. Nc5 Bd5 21. Ne4
Be7 22. f5 exf5 23. Rxf5 Be6 24. Rxd8+ Rxd8 25. Rh5 h6 26. h3 Rb8 27. g4 Qb7
28. Kh2 Qb2 29. g5 hxg5 30. Bd1 Rd8 31. Rxg5 Rxd1 32. Qe2 Qc1 0-1

[Event "Bad Woerishofen op"]
[Site "Bad Woerishofen"]
[Date "2000.??.??"]
[Round "1"]
[White "Nevednichy, Vladislav"]
[Black "Clasen, Sven-Olaf"]
[Result "1-0"]
[WhiteElo "2589"]
[BlackElo "2094"]
[PlyCount "59"]
[EventDate "1998.03.05"]
[Source "ChessBase"]
[SourceDate "1998.04.29"]

1. Nf3 Nf6 2. g3 g6 3. Bg2 Bg7 4. O-O O-O 5. c4 c5 6. Nc3 Nc6 7. e4 d6 8. h3
Rb8 9. d3 h6 10. Be3 a6 11. Qd2 Kh7 12. d4 Nd7 13. Rfd1 Qe8 14. Rac1 b5 15.
cxb5 axb5 16. b3 Nb4 17. Bf1 Ba6 18. a3 Nc6 19. Nd5 Nf6 20. Nxf6+ exf6 21. dxc5
Ne5 22. Nxe5 dxe5 23. c6 Qe6 24. Qd5 Bc8 25. b4 f5 26. c7 Rb7 27. exf5 Qxf5 28.
Bg2 e4 29. Qxe4 Bb2 30. Qxf5 1-0

[Event "Bad Woerishofen op"]
[Site "?"]
[Date "2000.??.??"]
[Round "3"]
[White "Nevednichy, Vladislav"]
[Black "Deglmann, Ludwig"]
[Result "1-0"]
[WhiteElo "2589"]
[BlackElo "2332"]
[PlyCount "89"]
[EventDate "2000.??.??"]

1. d4 f5 2. g3 Nf6 3. Bg2 g6 4. Nf3 Bg7 5. O-O O-O 6. b3 d6 7. Bb2 Qe8 8. Nbd2
Nc6 9. Nc4 e6 10. e3 h6 11. h4 Bd7 12. a4 Rd8 13. Qe2 Bc8 14. Qe1 a6 15. a5 Ne4
16. Rd1 Qf7 17. Ncd2 Nxd2 18. Qxd2 e5 19. d5 Ne7 20. c4 Bf6 21. Nh2 g5 22. hxg5
hxg5 23. f4 Ng6 24. Ng4 Qg7 25. Nxf6+ Qxf6 26. Rde1 Rde8 27. Kf2 Rf7 28. Rh1
Rg7 29. Bf3 Ree7 30. Rh6 Rh7 31. Reh1 Rxh6 32. Rxh6 Rh7 33. Rxh7 Kxh7 34. Qe1
Qg7 35. fxg5 Nf8 36. c5 Qxg5 37. cxd6 cxd6 38. Qb4 Qg6 39. Ba3 e4 40. Be2 f4
41. gxf4 Bh3 42. Qxd6 Qg2+ 43. Ke1 Nd7 44. Bb2 Qg3+ 45. Kd2 1-0

[Event "Bad Woerishofen op"]
[Site "?"]
[Date "2000.??.??"]
[Round "5"]
[White "Nevednichy, Vladislav"]
[Black "Vatter, Hans-Joachim"]
[Result "1-0"]
[WhiteElo "2589"]
[BlackElo "2362"]
[PlyCount "79"]
[EventDate "2000.??.??"]

1. e4 e5 2. Nf3 d6 3. d4 Nd7 4. Nc3 Ngf6 5. Bc4 Be7 6. O-O O-O 7. a4 c6 8. Re1
Qc7 9. a5 Rb8 10. d5 b5 11. axb6 Nxb6 12. Bf1 cxd5 13. Nb5 Qd8 14. exd5 Nbxd5
15. Nxa7 Bd7 16. c4 Nb4 17. Bd2 Re8 18. Nb5 Nc6 19. Bg5 Be6 20. b3 Qd7 21. Ra2
d5 22. Nxe5 Nxe5 23. Rxe5 dxc4 24. Rd2 Qc8 25. bxc4 Ng4 26. Rxe6 Qxe6 27. Re2
Bc5 28. Rxe6 Nxf2 29. Rxe8+ Rxe8 30. Qd4 Bxd4 31. Nxd4 Ne4 32. Bf4 Ra8 33. g3
Ra2 34. Nf3 h6 35. h4 f5 36. h5 Nf6 37. c5 Ra1 38. c6 Ra3 39. Bc4+ Kh7 40. c7
1-0

[Event "Bad Woerishofen op"]
[Site "?"]
[Date "2000.??.??"]
[Round "7"]
[White "Nevednichy, Vladislav"]
[Black "Lerner, Konstantin"]
[Result "0-1"]
[WhiteElo "2589"]
[BlackElo "2575"]
[PlyCount "82"]
[EventDate "2000.??.??"]

1. e4 c5 2. Nf3 d6 3. d4 cxd4 4. Nxd4 Nf6 5. Nc3 Nc6 6. Bg5 e6 7. Qd2 a6 8.
O-O-O Nxd4 9. Qxd4 Be7 10. f3 b5 11. Kb1 Bb7 12. h4 Rc8 13. Qd2 Qc7 14. Bd3 h6
15. Be3 Nd7 16. Ne2 Ne5 17. Nd4 d5 18. Bf4 dxe4 19. fxe4 O-O 20. Qe2 Rfd8 21.
Nf3 Bd6 22. Nxe5 Bxe5 23. Bxe5 Qxe5 24. g4 g6 25. Qe3 Kg7 26. Rdf1 Rc7 27. Rf4
Qd4 28. Qe2 e5 29. Rf2 b4 30. Rhf1 a5 31. g5 hxg5 32. h5 a4 33. hxg6 a3 34. c3
Qxd3+ 35. Qxd3 Rxd3 36. Rxf7+ Rxf7 37. Rxf7+ Kxg6 38. Rxb7 Rd2 39. bxa3 bxa3
40. Ra7 g4 41. Kc1 Rxa2 0-1

[Event "Bad Woerishofen op"]
[Site "?"]
[Date "2000.??.??"]
[Round "9"]
[White "Nevednichy, Vladislav"]
[Black "Gyimesi, Zoltan"]
[Result "1/2-1/2"]
[WhiteElo "2589"]
[BlackElo "2518"]
[PlyCount "111"]
[EventDate "2000.??.??"]

1. e4 e5 2. Nf3 Nc6 3. Bc4 Bc5 4. c3 Nf6 5. d3 d6 6. Bb3 a6 7. Nbd2 Ba7 8. h3
Ne7 9. Nf1 Ng6 10. Ng3 O-O 11. O-O b5 12. Re1 Re8 13. Ng5 Re7 14. Nf5 Bxf5 15.
exf5 Nf8 16. Ne4 N8d7 17. g4 d5 18. Ng3 c6 19. g5 Ne8 20. Qg4 Nd6 21. f6 Re6
22. fxg7 Qe7 23. a4 f5 24. Nxf5 Nxf5 25. Qxf5 Kxg7 26. d4 Rf8 27. Qg4 Qf7 28.
Re2 Bb6 29. axb5 axb5 30. Bd2 Kh8 31. Rae1 Rg6 32. Kh1 e4 33. Qg3 Qf5 34. Bc2
h6 35. h4 hxg5 36. hxg5 Kg7 37. f4 Bc7 38. Rf1 Rxg5 39. Qxg5+ Qxg5 40. fxg5
Rxf1+ 41. Kg2 Rf3 42. Re1 Nf8 43. Bd1 Rg3+ 44. Kf2 Ne6 45. Be3 Nxg5 46. Bxg5
Rxg5 47. Rg1 Rxg1 48. Kxg1 Kf6 49. Bg4 Ke7 50. Kf1 Bf4 51. Ke2 b4 52. Kd1 b3
53. Ke1 Bc1 54. Bd1 Bxb2 55. Kd2 e3+ 56. Kxe3 1/2-1/2

[Event "Bad Woerishofen op"]
[Site "?"]
[Date "2000.??.??"]
[Round "4"]
[White "Nun, Gottfried"]
[Black "Huhn, Ulrich"]
[Result "1/2-1/2"]
[WhiteElo "2141"]
[BlackElo "1810"]
[PlyCount "24"]
[EventDate "2000.??.??"]

1. d4 d5 2. c4 c6 3. Nf3 Bf5 4. Nc3 e6 5. e3 Nf6 6. cxd5 exd5 7. Qb3 Qb6 8. Be2
Nbd7 9. O-O h6 10. Bd2 Qxb3 11. axb3 Bd6 12. Rfc1 O-O 1/2-1/2

[Event "Bad Woerishofen op"]
[Site "?"]
[Date "2000.??.??"]
[Round "6"]
[White "Nun, Gottfried"]
[Black "Juscamayta, Tupac"]
[Result "1/2-1/2"]
[WhiteElo "2141"]
[BlackElo "1861"]
[PlyCount "70"]
[EventDate "2000.??.??"]

1. d4 d5 2. c4 e6 3. Nc3 Nf6 4. Bg5 Be7 5. e3 O-O 6. Nf3 c6 7. Qc2 h6 8. Bh4 b6
9. Be2 Nbd7 10. Rd1 Bb7 11. O-O dxc4 12. Bxc4 Nd5 13. Bxe7 Qxe7 14. Be2 Nxc3
15. bxc3 c5 16. Rb1 Rfd8 17. Rfd1 Nf6 18. Nd2 Rac8 19. Qa4 Nd5 20. Qa3 cxd4 21.
Qxe7 Nxe7 22. cxd4 Rc2 23. Bc4 Rc8 24. Bb3 R2c7 25. f3 Nd5 26. Bxd5 Bxd5 27.
Nb3 Rc2 28. e4 Bc4 29. d5 exd5 30. exd5 Rxa2 31. Rbc1 b5 32. d6 Rd8 33. Nc5 Kf8
34. Nb7 Rd7 35. Nc5 Rd8 1/2-1/2

[Event "Bad Woerishofen op"]
[Site "?"]
[Date "2000.??.??"]
[Round "8"]
[White "Nun, Gottfried"]
[Black "Fahnenschmidt, Gerhard"]
[Result "0-1"]
[WhiteElo "2141"]
[BlackElo "2336"]
[PlyCount "58"]
[EventDate "2000.??.??"]

1. d4 d5 2. c4 dxc4 3. Nf3 Nf6 4. e3 e6 5. Bxc4 c5 6. O-O a6 7. Bb3 Nc6 8. Nc3
cxd4 9. exd4 Be7 10. Re1 O-O 11. a3 b5 12. d5 exd5 13. Qd3 Bb7 14. Bg5 d4 15.
Bxf6 Bxf6 16. Nd5 g6 17. Rac1 Na5 18. Nxf6+ Qxf6 19. Ba2 Bxf3 20. Qxf3 Qxf3 21.
gxf3 Rad8 22. Rc7 Rd6 23. Rec1 d3 24. b4 d2 25. Rd1 Nc6 26. Kf1 Ne5 27. Rc3
Rfd8 28. Bb1 R8d7 29. f4 Nc4 0-1

[Event "Bad Woerishofen op"]
[Site "Bad Woerishofen"]
[Date "2000.??.??"]
[Round "2"]
[White "Oberhofer, Max"]
[Black "van Hoolandt, Patrick"]
[Result "1-0"]
[WhiteElo "2217"]
[BlackElo "2098"]
[PlyCount "72"]
[EventDate "1998.03.05"]
[Source "ChessBase"]
[SourceDate "1998.04.29"]

1. g3 e5 2. Bg2 Nc6 3. c4 g6 4. Nc3 Bg7 5. e3 d6 6. Nge2 Nf6 7. O-O O-O 8. a3
a5 9. b3 Be6 10. h3 d5 11. cxd5 Nxd5 12. Bb2 f5 13. Qc2 e4 14. Rfd1 Ne5 15.
Nxd5 Bxd5 16. Nf4 Nf3+ 17. Bxf3 Bxb2 18. Qxb2 exf3 19. Rac1 Bf7 20. d4 g5 21.
Nd3 Ra6 22. Ne5 Bd5 23. Qc3 Qd6 24. Qd3 Qh6 25. Qf1 c6 26. b4 axb4 27. axb4 Ra2
28. b5 f4 29. gxf4 gxf4 30. Ng4 Qh4 31. Re1 h5 32. Ne5 fxe3 33. Rxe3 Qg5+ 34.
Kh1 Qg2+ 35. Qxg2+ fxg2+ 36. Kg1 36... Raxf2 {Rest unleserlich 1-0 im 57.Zug}
1-0

[Event "Bad Woerishofen op"]
[Site "?"]
[Date "2000.??.??"]
[Round "6"]
[White "Oberhofer, Max"]
[Black "Fischer, Johann"]
[Result "0-1"]
[WhiteElo "2217"]
[BlackElo "2362"]
[PlyCount "124"]
[EventDate "2000.??.??"]

1. d4 c5 2. d5 e5 3. e4 d6 4. f4 exf4 5. Bxf4 Ne7 6. Nf3 Ng6 7. Bg3 Nd7 8. Nc3
a6 9. a4 Nf6 10. Bc4 Nh5 11. Bf2 Nhf4 12. O-O Be7 13. Qd2 O-O 14. a5 Bg4 15.
Be3 Nh5 16. Be2 Bxf3 17. Rxf3 Ne5 18. Rf5 Nf6 19. Bxc5 g6 20. Be3 Qc8 21. Rff1
Nfd7 22. Bd4 Qd8 23. Be3 Bf6 24. Na4 Rc8 25. b3 Bg7 26. c4 Re8 27. Rac1 Nf6 28.
Bf3 Ned7 29. Nb6 Rc7 30. Nxd7 Nxd7 31. b4 Qc8 32. Qc2 Ne5 33. c5 Bf8 34. Bd4
Bg7 35. Bxe5 Bxe5 36. c6 Qb8 37. Qa4 Qa7+ 38. Kh1 Rb8 39. cxb7 Rcxb7 40. Rc4
Qe3 41. Qc2 Rxb4 42. Rxb4 Rxb4 43. Qc8+ Kg7 44. g3 Qd3 45. Bg2 Rb1 46. Qh3
Rxf1+ 47. Bxf1 Qxe4+ 48. Qg2 Qe1 49. Qe2 Qxa5 50. Qc4 Qd2 51. Qxa6 Qxd5+ 52.
Bg2 Qd2 53. Bf1 Qf2 54. Qe2 Qf6 55. Bg2 Bd4 56. Bd5 Qg5 57. Qf3 Qc1+ 58. Kg2
Qg1+ 59. Kh3 f5 60. Qe2 Be5 61. Qb5 Kh6 62. Qc4 g5 0-1

[Event "Bad Woerishofen op"]
[Site "?"]
[Date "2000.??.??"]
[Round "8"]
[White "Oberhofer, Max"]
[Black "Anderberg, Peter"]
[Result "1-0"]
[WhiteElo "2217"]
[BlackElo "2099"]
[PlyCount "107"]
[EventDate "2000.??.??"]

1. Nf3 Nc6 2. d4 d5 3. g3 Bg4 4. Nbd2 g6 5. Bg2 Bg7 6. c4 e6 7. cxd5 exd5 8.
O-O Qd7 9. Nb3 b6 10. Bf4 Bxf3 11. Bxf3 Nge7 12. Rc1 Rc8 13. Qd3 O-O 14. Rfd1
Rfd8 15. a3 a5 16. a4 Nb4 17. Qb5 Qxb5 18. axb5 c6 19. Bg5 Kf8 20. bxc6 a4 21.
Na1 Rxc6 22. Rxc6 Nbxc6 23. Nc2 h6 24. Bxe7+ Kxe7 25. e3 Ke6 26. Bg4+ f5 27.
Be2 Na7 28. Na3 Bf8 29. Nb5 Nxb5 30. Bxb5 a3 31. bxa3 Bxa3 32. Ra1 Ra8 33. Ra2
Ra5 34. Be8 g5 35. Rc2 Bd6 36. Rb2 Ra8 37. Bc6 Rb8 38. Rb5 f4 39. Bxd5+ Ke7 40.
gxf4 gxf4 41. e4 Ba3 42. Kg2 Bc1 43. Kf3 Bd2 44. e5 Bc3 45. Ke4 Bd2 46. f3 Be3
47. Rb2 b5 48. Rg2 Rb6 49. Rg7+ Kf8 50. Rf7+ Ke8 51. e6 b4 52. Bb3 Ra6 53. Rb7
Bd2 54. Bc4 1-0

[Event "Bad Woerishofen op"]
[Site "Bad Woerishofen"]
[Date "2000.??.??"]
[Round "2"]
[White "Okrajek, Alexander"]
[Black "Schuster, Gerhard"]
[Result "1-0"]
[WhiteElo "2289"]
[BlackElo "2137"]
[PlyCount "87"]
[EventDate "1998.03.05"]
[Source "ChessBase"]
[SourceDate "1998.04.29"]

1. Nf3 d5 2. d4 Nf6 3. g3 e6 4. Bg2 c5 5. e3 Nc6 6. O-O Be7 7. b3 O-O 8. Bb2 b5
9. Ne5 Qc7 10. f4 Ne4 11. Nd2 Nxd2 12. Qxd2 Nxe5 13. dxe5 Rd8 14. Rf2 b4 15. a3
c4 16. axb4 Rb8 17. Bd4 cxb3 18. c3 Ra8 19. Ra5 Bd7 20. Qb2 a6 21. Qxb3 Bb5 22.
Qd1 Rdc8 23. Rfa2 f6 24. exf6 Bxf6 25. R2a3 Bxd4 26. Qxd4 Qc6 27. e4 Qc4 28.
Qxc4 dxc4 29. e5 Rab8 30. Rxa6 Bxa6 31. Rxa6 Rd8 32. Bh3 Rd1+ 33. Kf2 Rd2+ 34.
Ke1 Rc2 35. Bxe6+ Kf8 36. Ra3 Rd8 37. Bxc4 Rdd2 38. Ra8+ Ke7 39. Ra7+ Kf8 40.
e6 Rxh2 41. e7+ Ke8 42. Bb5+ Kf7 43. e8=Q+ Kf6 44. Qf7# 1-0

[Event "Bad Woerishofen op"]
[Site "?"]
[Date "2000.??.??"]
[Round "4"]
[White "Okrajek, Alexander"]
[Black "Buchner, Rudolf"]
[Result "1-0"]
[WhiteElo "2289"]
[BlackElo "2110"]
[PlyCount "85"]
[EventDate "2000.??.??"]

1. c4 e5 2. Nc3 Nc6 3. g3 g6 4. Bg2 Bg7 5. e3 d6 6. Nge2 Be6 7. d4 Bd7 8. O-O
Qc8 9. f4 Bh3 10. fxe5 Bxg2 11. Kxg2 dxe5 12. d5 Nd8 13. e4 Qd7 14. Be3 Nf6 15.
h3 O-O 16. Qd2 Ne8 17. g4 f6 18. Ng3 Nf7 19. b4 Ned6 20. Qd3 a6 21. a4 Rae8 22.
c5 Nc8 23. b5 axb5 24. axb5 Nd8 25. Qc2 Ne7 26. Rad1 Kh8 27. d6 cxd6 28. Rxd6
Qc8 29. Na4 Qa8 30. Nb6 Qa5 31. Qb2 f5 32. Ra1 Qxa1 33. Qxa1 f4 34. Bf2 fxg3
35. Bxg3 Nf7 36. Rd7 Ng8 37. Rxb7 Nf6 38. Nd7 Nxd7 39. Rxd7 Ng5 40. Qa7 Ra8 41.
Rxg7 Rxa7 42. Rxa7 Re8 43. b6 1-0

[Event "Bad Woerishofen op"]
[Site "?"]
[Date "2000.??.??"]
[Round "6"]
[White "Okrajek, Alexander"]
[Black "Grosser, Walter"]
[Result "1/2-1/2"]
[WhiteElo "2289"]
[BlackElo "1940"]
[PlyCount "52"]
[EventDate "2000.??.??"]

1. c4 Nf6 2. Nc3 g6 3. g3 Bg7 4. Bg2 O-O 5. Nf3 d6 6. O-O e5 7. d3 Nc6 8. Rb1
a5 9. a3 Bg4 10. h3 Bxf3 11. Bxf3 Qd7 12. Bg2 Nd8 13. b4 axb4 14. Rxb4 c6 15.
Qb3 Rb8 16. Be3 Re8 17. a4 Bf8 18. Rb6 Qc8 19. Qa2 Nd7 20. Rb2 f5 21. Rfb1 Bg7
22. Qa3 Bf8 23. Qb3 Nc5 24. Bxc5 dxc5 25. a5 Ra8 26. Ra2 Re7 1/2-1/2

[Event "Bad Woerishofen op"]
[Site "?"]
[Date "2000.??.??"]
[Round "8"]
[White "Okrajek, Alexander"]
[Black "Levin, Felix"]
[Result "0-1"]
[WhiteElo "2289"]
[BlackElo "2526"]
[PlyCount "58"]
[EventDate "2000.??.??"]

1. d4 d5 2. Bg5 f6 3. Bf4 c5 4. e3 Nc6 5. Nf3 g5 6. Bg3 h5 7. h3 cxd4 8. exd4
Nh6 9. Nc3 Nf5 10. Bd3 Nb4 11. Bb5+ Kf7 12. a3 Nc6 13. Qd3 a6 14. Ba4 e6 15. b4
Be7 16. Bb3 b5 17. Rd1 Qd7 18. O-O Kg7 19. Rfe1 Nxg3 20. fxg3 Bd6 21. Rf1 Ne7
22. Rde1 Qc7 23. Nxg5 fxg5 24. Qe3 Rh6 25. Ne4 dxe4 26. d5 exd5 27. Qxe4 dxe4
28. Rf7+ Kg6 29. Rxe4 Rh7 0-1

[Event "Bad Woerishofen op"]
[Site "Bad Woerishofen"]
[Date "2000.??.??"]
[Round "1"]
[White "Oud, Niek"]
[Black "Schiegg, Peter"]
[Result "1-0"]
[WhiteElo "2194"]
[BlackElo "1771"]
[PlyCount "63"]
[EventDate "1998.03.05"]
[Source "ChessBase"]
[SourceDate "1998.04.29"]

1. d4 Nf6 2. c4 g6 3. Nc3 Bg7 4. e4 d6 5. Be2 O-O 6. Nf3 e5 7. dxe5 dxe5 8.
Qxd8 Rxd8 9. Bg5 c6 10. Nxe5 Re8 11. O-O-O Nxe4 12. Nxe4 Bxe5 13. f4 Bf5 14.
Ng3 Bg7 15. Nxf5 Bxb2+ 16. Kxb2 Rxe2+ 17. Kb1 gxf5 18. Rd8+ Kg7 19. Rc8 f6 20.
Bh4 a5 21. Rd1 a4 22. Rdd8 a3 23. Rg8+ Kh6 24. Bxf6 Ra4 25. Rg5 Re1+ 26. Kc2
Rxc4+ 27. Kd2 Rxf4 28. Kxe1 Nd7 29. Bd8 Ne5 30. Rg3 Re4+ 31. Kd1 Nc4 32. Bg5+
1-0

[Event "Bad Woerishofen op"]
[Site "?"]
[Date "2000.??.??"]
[Round "3"]
[White "Oud, Niek"]
[Black "Landau, Christian"]
[Result "1/2-1/2"]
[WhiteElo "2194"]
[BlackElo "2034"]
[PlyCount "54"]
[EventDate "2000.??.??"]

1. d4 Nf6 2. c4 g6 3. Nc3 Bg7 4. e4 d6 5. Be2 O-O 6. Nf3 Nbd7 7. O-O e5 8. Be3
Ng4 9. Bg5 f6 10. Bd2 f5 11. Bg5 Ngf6 12. exf5 gxf5 13. dxe5 dxe5 14. Qc2 e4
15. Nd4 Ne5 16. Rad1 Qe8 17. Ndb5 Qf7 18. Nd5 Ne8 19. Nf4 a6 20. Nc3 Be6 21.
Ncd5 Bxd5 22. cxd5 Nd6 23. Ne6 Rfc8 24. Nxg7 Qxg7 25. Bf4 Ng6 26. Qd2 Nxf4 27.
Qxf4 Qxb2 1/2-1/2

[Event "Bad Woerishofen op"]
[Site "?"]
[Date "2000.??.??"]
[Round "5"]
[White "Oud, Niek"]
[Black "Schiff, Armin"]
[Result "0-1"]
[WhiteElo "2194"]
[BlackElo "2134"]
[PlyCount "80"]
[EventDate "2000.??.??"]

1. d4 d5 2. c4 c6 3. Nf3 Nf6 4. Nc3 e6 5. e3 Bd6 6. Be2 Nbd7 7. b3 O-O 8. Bb2
Qe7 9. Qc2 h6 10. O-O e5 11. cxd5 e4 12. Nh4 Nb6 13. dxc6 bxc6 14. g3 g5 15.
Ng2 Nbd5 16. Qd2 Re8 17. Nxd5 cxd5 18. Rac1 Bd7 19. Rc2 Qe6 20. Qa5 Qh3 21. f3
Bf5 22. f4 Rac8 23. Qd2 Rxc2 24. Qxc2 Rc8 25. Qd2 Kg7 26. Rf2 Bg4 27. Bf1 Qh5
28. Ne1 gxf4 29. exf4 Be6 30. h3 Qg6 31. Kh2 Kh7 32. Qe3 Rg8 33. Ng2 Bxh3 34.
Nh4 Ng4+ 35. Kxh3 Qe6 36. Qe1 Nxf2+ 37. Kg2 Nd3 38. Bxd3 exd3 39. Qxe6 fxe6 40.
Kf3 Rxg3+ 0-1

[Event "Bad Woerishofen op"]
[Site "?"]
[Date "2000.??.??"]
[Round "7"]
[White "Oud, Niek"]
[Black "Illig, Ursula"]
[Result "1-0"]
[WhiteElo "2194"]
[BlackElo "1750"]
[PlyCount "77"]
[EventDate "2000.??.??"]

1. d4 Nf6 2. c4 e5 3. dxe5 Ng4 4. Bf4 g5 5. Bg3 Bg7 6. Nf3 Nc6 7. e3 Ngxe5 8.
Nxe5 Nxe5 9. Nc3 d6 10. Be2 O-O 11. Qc2 Be6 12. b3 f5 13. f4 Ng4 14. Qd2 Qf6
15. Rc1 Rae8 16. O-O gxf4 17. Bxf4 Qg6 18. Rf3 Qf7 19. Rg3 Kh8 20. Bf3 c6 21.
Bxd6 Rd8 22. c5 Nf6 23. Rd1 Rg8 24. Ne2 Ne8 25. Nf4 Nxd6 26. cxd6 Be5 27. Rxg8+
Qxg8 28. Qa5 Bxf4 29. exf4 Qe8 30. Qxa7 Kg8 31. Qxb7 Bd7 32. Qb6 Rb8 33. Qd4
Qe6 34. Kf1 Qf7 35. Re1 Re8 36. Re5 Re6 37. Be2 Rg6 38. Bc4 Be6 39. d7 1-0

[Event "Bad Woerishofen op"]
[Site "?"]
[Date "2000.??.??"]
[Round "2"]
[White "Paehtz, Elisabeth"]
[Black "Guenther, Thomas"]
[Result "1-0"]
[WhiteElo "2306"]
[BlackElo "2142"]
[PlyCount "77"]
[EventDate "2000.??.??"]

1. e4 c5 2. Nf3 Nc6 3. d4 cxd4 4. Nxd4 Qb6 5. Nb3 Nf6 6. Nc3 e6 7. Qe2 Qc7 8.
g4 h6 9. Bd2 a6 10. f4 d6 11. Bg2 b5 12. O-O-O Bb7 13. h4 h5 14. g5 Ng4 15. Bf3
b4 16. Na4 a5 17. Bxg4 Ba6 18. Qf2 hxg4 19. g6 f6 20. Be3 Bb5 21. Nb6 Rb8 22.
Kb1 a4 23. Nc1 a3 24. b3 g3 25. Qg1 g2 26. Rh3 Ne7 27. Bd4 Bf1 28. f5 e5 29.
Bf2 Rh5 30. Nd3 d5 31. exd5 Qc3 32. Na4 Qc8 33. d6 Nxf5 34. Nxe5 Bxd6 35. Nf7
Be7 36. Re1 Nd4 37. Nd6+ Kf8 38. Nxc8 Rxc8 39. Bxd4 1-0

[Event "Bad Woerishofen op"]
[Site "?"]
[Date "2000.??.??"]
[Round "4"]
[White "Paehtz, Elisabeth"]
[Black "Schenk, Uwe"]
[Result "1/2-1/2"]
[WhiteElo "2306"]
[BlackElo "2147"]
[PlyCount "63"]
[EventDate "2000.??.??"]

1. e4 c5 2. Nf3 e6 3. d4 cxd4 4. Nxd4 Nf6 5. Nc3 Nc6 6. Ndb5 d6 7. Bf4 e5 8.
Bg5 a6 9. Na3 b5 10. Nd5 Be7 11. Bxf6 Bxf6 12. Nb1 Bb7 13. a4 bxa4 14. Rxa4 O-O
15. Nbc3 Bg5 16. Bc4 Nd4 17. O-O Kh8 18. Ne2 Ne6 19. Ra3 g6 20. Qa1 f5 21. exf5
gxf5 22. f4 Bh6 23. Kh1 Rc8 24. b3 Bg7 25. Qd1 a5 26. Ra2 Nc5 27. Ng3 Ne4 28.
Nxe4 fxe4 29. f5 Rc5 30. Ra1 e3 31. Nxe3 d5 32. Be2 1/2-1/2

[Event "Bad Woerishofen op"]
[Site "?"]
[Date "2000.??.??"]
[Round "6"]
[White "Paehtz, Elisabeth"]
[Black "Schnur, Gerhard"]
[Result "1/2-1/2"]
[WhiteElo "2306"]
[BlackElo "2111"]
[PlyCount "37"]
[EventDate "2000.??.??"]

1. e4 e6 2. d4 d5 3. Nc3 Bb4 4. e5 c5 5. a3 Bxc3+ 6. bxc3 Ne7 7. Qg4 O-O 8. Bd3
Qa5 9. Ne2 Nbc6 10. Bg5 Ng6 11. O-O Qa4 12. f3 Ngxe5 13. dxe5 Qxg4 14. fxg4 c4
15. Bf4 cxd3 16. cxd3 b6 17. Rf3 Ba6 18. Kf2 Rac8 19. Ke3 1/2-1/2

[Event "Bad Woerishofen op"]
[Site "?"]
[Date "2000.??.??"]
[Round "8"]
[White "Paehtz, Elisabeth"]
[Black "Espig, Lutz"]
[Result "0-1"]
[WhiteElo "2306"]
[BlackElo "2402"]
[PlyCount "74"]
[EventDate "2000.??.??"]

1. e4 c5 2. Nf3 e6 3. d4 cxd4 4. Nxd4 a6 5. Bd3 Nf6 6. O-O Qc7 7. Qe2 d6 8. c4
g6 9. Nf3 Bg7 10. Nc3 O-O 11. h3 Nc6 12. Be3 Nd7 13. Rac1 b6 14. Rfd1 Nc5 15.
Bb1 Bb7 16. Rd2 Rfd8 17. Nh2 Qe7 18. Qd1 Rab8 19. Nf1 Ba8 20. a3 Na5 21. b4
Nxc4 22. bxc5 Nxd2 23. cxd6 Qxd6 24. Bxd2 Qxa3 25. Qe1 Rbc8 26. Na2 Rxc1 27.
Nxc1 a5 28. Ne3 Bc6 29. Ne2 Qb3 30. Bc3 Bxc3 31. Nxc3 b5 32. Bc2 Qb2 33. Ncd1
Qa3 34. Ng4 h5 35. Ne5 Be8 36. g4 Qc5 37. Qxa5 Rc8 0-1

[Event "Bad Woerishofen op"]
[Site "Bad Woerishofen"]
[Date "2000.??.??"]
[Round "1"]
[White "Paehtz, Thomas"]
[Black "Schiff, Armin"]
[Result "1-0"]
[WhiteElo "2423"]
[BlackElo "2134"]
[PlyCount "59"]
[EventDate "1998.03.05"]
[Source "ChessBase"]
[SourceDate "1998.04.29"]

1. e4 e5 2. Nf3 d6 3. d4 Nd7 4. Bc4 Be7 5. Nc3 Ngf6 6. a4 O-O 7. O-O c6 8. Re1
Qc7 9. h3 a5 10. Ba2 Rb8 11. Nh4 Re8 12. Nf5 Nf8 13. Nxe7+ Qxe7 14. Be3 b6 15.
f4 exd4 16. Bxd4 Be6 17. Bxf6 Qxf6 18. Qxd6 Red8 19. Qxc6 Qd4+ 20. Kh1 Rbc8 21.
Qb5 Bxa2 22. Rxa2 Qd2 23. Qf1 Qxc2 24. Nd5 Qc5 25. f5 f6 26. Raa1 Qd6 27. Rad1
Re8 28. Qb5 Qg3 29. Re3 Qg5 30. Re2 1-0